00992nam a2200229 a 4500001001000000003000900010005001700019008004100036040002500077082001800102100002600120245016200146260014300308300002700451650005100478650006200529650005700591650004000648700002500688700002600713700002300739000012158DO-SdBNP20250320101643.0091106s2005 dr a 000 0 spa d aDO-SdBNPbspacBNPHU a338.19bS232p1 aSantana, Lidia Milena13aEl pequeño agricultor orgánico dominicano y sus oportunidades de inserción en el mercado nacional e internacional /cLidia Milena Santana ... [et al.]. aSanto Domingo, :bCentro para el Desarrollo Agropecuario y Forestal, Inc. (CEDAF)bFundación Agricultura y Medio Ambiente (FAMA),c2005. a35 p. :bil. ;c21 cm. 4aAgricultura orgánicazRepública Dominicana 4aAgricultura aspectos económicoszRepública Dominicana 0aProductos agrícolas zRepública Dominicana2LEMB 4aAgricultura de paises en desarrollo1 aLara Franjul, Carmen1 aCuello Pérez, Nelly1 aEspinal, Feliciana